• 首页
  • 本馆介绍
  • 公告通知
  • 最新文献
  • 馆藏检索
  • 电子资源
  • 读者荐购
  • 参考咨询
  • CALIS
  • 我的图书馆
  • 登录
  • 详细信息显示
  • 放入我的书架
  • 预约/预借图书
  • 作者相关作品
  • 分类相关作品
  • 丛书相关作品
  • 出版社相关作品

书目信息

  • 表格格式
  • 工作单格式
  • 卡片格式
题名:
盈建科YJK结构设计入门与提高
    
 
作者: 杨韶伟 编著
分册:  
出版信息: 北京   中国建筑工业出版社  2025.02
页数: 360页
开本: 26cm
丛书名: 结构设计新形态丛书
单 册:
中图分类: TU318
科图分类:
主题词: 建筑结构--jian zhu jie gou--结构设计
电子资源:
ISBN: 978-7-112-30600-8
 
 
 
 
 
000 01157nam 2200265 450
001 92429
005 20250818084056.43
010    @a978-7-112-30600-8@dCNY98.00
100    @a20250224d2025 em y0chiy50 ea
101 0  @achi
102    @aCN@b110000
105    @aa a 000yy
106    @ar
200 1  @a盈建科YJK结构设计入门与提高@Aying jian ke YJK jie gou she ji ru men yu ti gao@f杨韶伟编著
210    @a北京@c中国建筑工业出版社@d2025.02
215    @a360页@c图@d26cm
225 2  @a结构设计新形态丛书@Ajie gou she ji xin xing tai cong shu
320    @a有书目 (第360页)
330    @a盈建科是结构设计人员必备的工作软件。主要内容包括: 从钢筋混凝土框架结构入门YJK ; 钢筋混凝土剪力墙结构计算分析 ; 筋混凝土框架-剪力墙结构计算分析 ; 钢框架结构计算分析 ; 超高层框架-核心筒结构计算分析 ; 空间钢结构计算分析 ; Y-GAMA数字化智能设计 ; 基础结构计算分析 ; 门式刚架结构计算分析 ; 减震结构计算分析 ; 隔震结构计算分析 ; 特色结构专题。
410  0 @12001 @a结构设计新形态丛书
606 0  @a建筑结构@Ajian zhu jie gou@x结构设计
690    @aTU318@v5
701  0 @a杨韶伟@Ayang shao wei@4编著
801  0 @aCN@c20250909
905    @a河南城建学院图书馆@dTU318@eY260@f1
    
    盈建科YJK结构设计入门与提高/杨韶伟编著.-北京:中国建筑工业出版社,2025.02
    360页:图;26cm.-(结构设计新形态丛书)
    
    
    ISBN 978-7-112-30600-8:CNY98.00
    盈建科是结构设计人员必备的工作软件。主要内容包括: 从钢筋混凝土框架结构入门YJK ; 钢筋混凝土剪力墙结构计算分析 ; 筋混凝土框架-剪力墙结构计算分析 ; 钢框架结构计算分析 ; 超高层框架-核心筒结构计算分析 ; 空间钢结构计算分析 ; Y-GAMA数字化智能设计 ; 基础结构计算分析 ; 门式刚架结构计算分析 ; 减震结构计算分析 ; 隔震结构计算分析 ; 特色结构专题。
●
相关链接 在E读中查询图书 在当当中查询图书 在豆瓣中查询图书


正题名:盈建科YJK结构设计入门与提高     索取号:TU318/Y260         预约/预借

序号 登录号 条形码 馆藏地/架位号 状态 备注
1 1626393   216263932   建筑库101/101建筑库 80排3列1层/ [索取号:TU318/Y260] 在馆    
河南城建学院图书馆 欢迎您!
大连网信软件有限公司© 版权所有